Código Procesal Penal de la Provincia de Buenos Aires. Constitución Provincial : Universitario /
Guardado en:
| Formato: | Libro |
|---|---|
| Idioma: | Spanish |
| Publicado: |
Buenos Aires :
Abeledo Perrot,
2012
|
| Edición: | 8º ed. |
| Materias: | |
| Etiquetas: |
Agregar Etiqueta
Sin Etiquetas, Sea el primero en etiquetar este registro!
|
| LEADER | 00538nam a22001455a 4500 | ||
|---|---|---|---|
| 001 | DER.der012440 | ||
| 005 | 20141028000000.0 | ||
| 008 | 180615s2012####||||||||||||||||||||spa|| | ||
| 020 | |a 978-950-20-1968-0 | ||
| 245 | 1 | 0 | |a Código Procesal Penal de la Provincia de Buenos Aires. Constitución Provincial : |b Universitario / |c Argentina - Códigos |
| 250 | |a 8º ed. | ||
| 260 | |a Buenos Aires : |b Abeledo Perrot, |c 2012 | ||
| 300 | 0 | |a 400 p. | |
| 653 | |a CODIGO PROCESAL PENAL DE LA PROVINCIA DE BUENOS AIRES | ||
| 859 | |a DERECHO |b BIB. DERECHO |h 348.023 |i COD |p 007265 | ||
